01988nam a22002297a 450000500170000000800410001702000180005804000070007604100120008308200200009510000270011524500670014226000570020930000260026636500530029252011450034565000220149065000310151294200120154399900190155595201840157420241216102954.0241216b ||||| |||| 00| 0 eng d a9789355434029 cAL aEnglish 223a158.1bGAVA aRenuka Gavrani9191053 aArt of being alone: Loneliness was my cage solitude is my home aUttar PradeshbManjul Publishing House Pvt Ltdc2024 a127 p.bPBc20x13 cm. a5383b₹239.20c₹d₹299.00e20%f04-12-2024 aTaylor Swift said once, “The scary news is, you are on your own now. But the cool news is, you are on your own now” The fear of loneliness has been injected into our minds since we were kids. We have learned that the kid who eats, & sits alone, and has no friends is pathetic. In every book/movie, the kid with no friends is always featured as a weak character who needs to be saved. No one wants to be seen as a ‘weirdo’ hence, our dread of being alone. We don’t want people to think of us as unwanted or not fitting in with the cool kids. We don’t want people to think that no one chose us. So what do we do? We start becoming like an ideal version of whom everyone loves. And in the race to achieve people’s acceptance and love, you lose yourself. But enough is enough. The book is divided into two sections. The first section is about transforming loneliness into solitude. And the second section is about using your solitude to turn it into your growth period. If you are ready to transform your perception around loneliness and achieve your goals using your ‘alone time’ then welcome to ‘The Art of Being Alone.’ aTrue Self9191054 aYour Growth Period9191055 2ddccBK c232935d232935 00102ddc40708PSYaALbALd2024-12-12eBiblios Book Point Surathkal Mangalore 575014g239.00l12m4o158.1 GAVAp077437r2026-03-21 09:49:21s2026-03-10v299.00w2024-12-16yBK